000 00351nam a2200133Ia 4500
005 20260326235447.0
008 260326s9999||||xx |||||||||||||| ||und||
100 _aTéllez Castañeda, Germán
245 0 _aTesoros de Cartagena /
_cGermán Téllez Castañeda
260 _bEl Sello
300 _a157 p.
650 _aARQUITECTURA COLONIAL
942 _cBK
999 _c7624
_d7624